Lost Characters (Picture Click) Quiz Stats

 Plays Quiz not verified by Sporcle

Score 0/25 Timer 05:00
0 Plays Today
% Correct
Hugo 'Hurley' Reyes
96.9%
James 'Sawyer' Ford
96.4%
John Locke
96.3%
Sayid Jarrah
96%
Jack Shephard
95.5%
Kate Austen
95%
Charlie Pace
94.3%
Ana Lucia Cortez
94.2%
Benjamin Linus
93.7%
Sun-Hwa Kwon
93.3%
Boone Carlyle
92.2%
Mr Eko
91.9%
Juliet Burke
91.6%
% Correct
Jin-Soo Kwon
90.2%
Walt Lloyd
90.1%
Claire Littleton
89.9%
Daniel Faraday
88.6%
Frank Lapidus
88.3%
Shannon Rutherford
88.1%
Aaron Littleton
87.5%
Michael Dawson
87.1%
Charlotte Lewis
87.1%
Richard Alpert
86.2%
Libby Smith
84.8%
Miles Straume
82%

You're not logged in!

Compare scores with friends on all Sporcle quizzes.
Join for Free
OR
Log In

You Might Also Like...

Show Comments

Extras

Top Quizzes Today


Score Distribution

Your Account Isn't Verified!

In order to create a playlist on Sporcle, you need to verify the email address you used during registration. Go to your Sporcle Settings to finish the process.

Report this User

Report this user for behavior that violates our Community Guidelines.

Details: